000 01087nam a2200253Ia 4500
003 GCL
005 20240530110529.0
008 140319s9999 xx 000 0 ara d
040 _aGCL /
_cGCL
082 0 4 _a923.2
_bذ س
100 1 _aالذهبى : شمس الدين ابوعبدالله محمد بن احمد بن عثمان التركمانى الفارقى
245 1 0 _aسير اعلام النبلاء /
_cالذهبى : شمس الدين ابوعبدالله محمد بن احمد بن عثمان التركمانى الفارقى ؛ اشراف شعيب الارنؤوط ؛ تحقق حسين الاسد
250 _aط7
260 _aبيروت :
_bمؤسسة الرسالة ،
_c1982
300 _aمتعدد ؛
_c24 سم
650 0 4 _aالتاريخ الاسلامى
650 0 4 _aالانساب العربية
650 0 4 _aاعلام العرب
650 0 4 _aالحضارة الاسلامية
650 0 4 _aالانساب والاعراق
700 _aشعيب الارنؤوط
_eاشراف
700 _aحسين الاسد
_eمحقق
942 _2ddc
_cREF
999 _c62052
_d62052